000 00480nam a2200181Ia 4500
005 20250508151418.0
008 008 250505s9999 xx 000 0 eng d
037 _aTextual
040 _aFEDL
_beng
_cFEDL
041 _aeng
_2eng
084 _a071, MOT
_qFEDL
100 _aMott Frank Luther
245 0 _aNews in America
260 _aOxford
_bUniversity Press Geoffrey Cumberlece
300 _aX,236
942 _cTEXL
_h071, MOT
999 _c1329616
_d1329616